Historia de Costa Rica: volumen 2 (Registro nro. 4506)
[ vista simple ]
| 000 -CABECERA | |
|---|---|
| campo de control de longitud fija | 00718aam a2200265 4500 |
| 005 - FECHA Y HORA DE ACTUALIZACIÓN | |
| campo de control | 20161118140918.0 |
| 008 - LONGITUD FIJA | |
| campo de control de longitud fija | 150413b xxu||||| |||| 00| 0 spa d |
| 041 ## - IDIOMA | |
| Código de idioma del texto/pista de sonido o título separado | |
| 082 ## - CLASIFICACIÓN DECIMAL DEWEY | |
| Número de clasificación | 972.86 H673h |
| 245 ## - TÍTULO PROPIAMENTE DICHO | |
| Título | Historia de Costa Rica: volumen 2 |
| 260 ## - PIE DE IMPRENTA | |
| Lugar de publicación, distribución, etc. | Costa Rica |
| Nombre del editor, distribuidor, etc. | EIDOS |
| Fecha de publicación, distribución, etc. | 1997 |
| 300 ## - DESCRIPCIÓN FÍSICA | |
| Extensión | 643 páginas |
| 650 ## - Materia General | |
| Materia general | COSTA RICA |
| 650 ## - Materia General | |
| Materia general | HISTORIA |
| 650 ## - Materia General | |
| Materia general | CORTES DE CADIZ |
| 650 ## - Materia General | |
| Materia general | INDEPENDENCIA |
| 650 ## - Materia General | |
| Materia general | FEDERACION |
| 650 ## - Materia General | |
| Materia general | GUERRA 1856 |
| 650 ## - Materia General | |
| Materia general | RELACIONES INTERNACIONALES |
| 650 ## - Materia General | |
| Materia general | SOBERANIA NACIONAL |
| 650 ## - Materia General | |
| Materia general | SIMBOLOS NACIONALES |
| 650 ## - Materia General | |
| Materia general | ECONOMIA |
| 650 ## - Materia General | |
| Materia general | CULTURA |
| 942 ## - Punto de Acceso Adicional Koha | |
| Tipo de ítem Koha | Libro |
| Estado perdido | Estado dañado | No para préstamo | Biblioteca permanente | Biblioteca actual | Signatura completa | Código de barras | Precio efectivo a partir del | Tipo de ítem |
|---|---|---|---|---|---|---|---|---|
| Departamento de Biblioteca y Documentación Alfonso Chase Brenes | Departamento de Biblioteca y Documentación Alfonso Chase Brenes | 972.86 H673h | 8967 | 09/02/2016 | Libro |